000
00344cam a2200145ua 4500
041
_a
mal
_h
082
_a
894.812308
_b
ANT/ET
100
_a
Antony, P.J .
245
_a
Etha Manushyan /
_c
P.J.Antony.
_h
Textual Documents
260
_a
Thrissur :
_b
Current Books ,
_c
1961.
300
_a
50 ; .
504
_a
942
_c
BK
999
_c
876
_d
876